Quick Pick: Chemical Elements en Français Quiz Stats

 Plays Quiz Updated Dec 17, 2017

Score 0/12 Timer 01:30
0 Plays Today
% Correct
Fluor
95.8%
Iode
95.7%
Tantale
95.3%
Astate
95.2%
Soufre
94.7%
Cuivre
89.7%
Fer
86.7%
Plomb
80.5%
Or
80.4%
Argent
79.1%
Étain
77.7%
Azote
63.3%

Today's Daily Dose

Missing Word
Arizona A-Z

Word Ladder
Greek Letters II

Get the Picture
US National Parks

You're not logged in!

Compare scores with friends on all Sporcle quizzes.
OR
Log In

You Might Also Like...

Show Comments

Extras

Top Quizzes Today


Score Distribution

Your Account Isn't Verified!

In order to create a playlist on Sporcle, you need to verify the email address you used during registration. Go to your Sporcle Settings to finish the process.

Report this User

Report this user for behavior that violates our Community Guidelines.

Details: